Spotreba slovenských domácností v nových ekonomických podmienkach bakalárska práca

Gespeichert in:
Bibliographische Detailangaben
1. Verfasser: Tomčalová, Zuzana
Körperschaft: Národohospodárska fakulta EU. Katedra hospodárskej politiky
Weitere Verfasser: Holková, Vieroslava
Format: Buch
Sprache:Slowakisch
Veröffentlicht: Bratislava 2009
Tags: Tag hinzufügen
Keine Tags, Fügen Sie das erste Tag hinzu!

MARC

LEADER 00000nam$a2200000$$$4500
001 0099107
005 20240319123854.3
041 0 |a slo 
044 |a SK 
245 1 0 |a Spotreba slovenských domácností v nových ekonomických podmienkach  |b bakalárska práca  |c Zuzana Tomčalová ; škol. Vieroslava Holková 
264 1 |a Bratislava  |c 2009 
300 |a 49 s. 
100 1 |a Tomčalová, Zuzana 
700 1 |a Holková, Vieroslava 
710 2 |a Národohospodárska fakulta EU. Katedra hospodárskej politiky